00425cam a2200157ua 45000010005000000080039000050200018000440400009000620820008000711000031000792450061001102500009001712600033001803000017002136530037002305377120901n ii |||gr||||Z||||||eng a81-269-0681-2 cMAIN a809 aDas, Bijay Kumar,eAuthor,10aTwentieth century literary criticismcby Bijay Kumar Das a5th. aNew Delhi:bAtlantic,c2007. a399p:c23cm. aHistory, description & criticism